000 00363nam a2200133Ia 4500
008 231129s1990||||xx |||||||||||||| ||spa||
020 _a7-119-00715-7
040 _bspa
082 _a951.05 Ch539
245 0 _aChina el mas mas...
260 _c1990
264 _a1949- ) : Ediciones de Lenguas Extranjeras
942 _2ddc
_cBKS
999 _c6907
_d6907